[Event "BLR-chT"]
[Site "Minsk"]
[Date "2017.05.11"]
[Round "4.2"]
[White "Podolchenko, Evgeniy"]
[Black "Podobedov, Filipp"]
[Result "1-0"]
[WhiteElo "2398"]
[BlackElo "2189"]
[PlyCount "35"]
[EventDate "2017.05.08"]
[EventType "team-swiss"]
[EventRounds "7"]
[EventCountry "BLR"]
[SourceTitle "CBM 178 Extra"]
[Source "ChessBase"]
[SourceDate "2017.06.22"]
[SourceVersion "1"]
[SourceVersionDate "2017.06.22"]
[SourceQuality "1"]
[WhiteTeam "Vector"]
[BlackTeam "Gambit"]
[WhiteTeamCountry "BLR"]
[BlackTeamCountry "BLR"]

1. d4 Nf6 2. g3 g6 3. Bg2 Bg7 4. e4 d6 5. Ne2 0-0 6. 0-0 c6 7. a4 Na6 8. h3 e5 9. Be3 Re8 10. Nbc3 Qa5 11. Qd2 c5 12. dxe5 dxe5 13. Rfd1 Nb4 14. Nb5 Nd7 15. c3 Na6 16. b4 Qb6 17. Nd6 Re7 18. b5 1-0